Predpokladaná zmena klímy v 21. storočí a poľnohospodárstvo

Bibliographic Details
Main Authors: Špánik, František, 1933- (Author), Šiška, Bernard, 1959- (Author)
Format: Article
Language:Slovak
PhysicalDescription:Obr., tab.
ISSN:1335-2415
Subjects:

MARC

LEADER 00000nab a2200000 a 4500
001 vtls000871468
003 SK-MaSNL
005 20260304111707.0
008 250429c2004 xo 0 slo
015 |a SNBRB2004/05-13777 
035 |a CLN000223020 
035 |a urn:nbn:sk:snk-ab1qxp 
035 |a (urnnbn)urn:nbn:sk:snk:ar-00626e 
035 |a (uuid)2d0c22c0-65c2-4e6f-b126-f0959d38233b 
040 |a SNKBUCL  |b slo  |c SNKBUCL  |e AACR2 
041 0 |a slo 
044 |a xo  |c SK 
080 |a 631(437.6):551.588.7  |2 1997 
080 |a 551.588.7  |2 1997 
100 1 |a Špánik, František,  |d 1933-  |4 aut  |9 205517 
245 1 0 |a Predpokladaná zmena klímy v 21. storočí a poľnohospodárstvo  |c František Špánik, Bernard Šiška 
300 |b Obr., tab. 
504 |a Bibliogr. odkazy 
504 |a Res. angl. 
650 0 7 |a poľnohospodárstvo  |x zmeny klimatické  |z Slovensko  |x modely klimatické  |2 snkbucl  |9 1412446 
650 0 7 |a modely klimatické  |2 snkbucl  |9 1404428 
650 0 7 |a klimatické zmeny  |2 snkbucl  |9 3351 
655 7 |a články z novín a časopisov  |2 snkbucl  |9 267496 
700 1 |a Šiška, Bernard,  |d 1959-  |4 aut  |9 9169 
773 0 |t Agrochémia  |g Roč. 8 (44), č. 1 (2004), s. 22-26  |x 1335-2415 
850 |a Slovenská národná knižnica 
852 |a Slovenská národná knižnica 
954 |a odborná, vedecká literatúra pôvodná (slovenská)  |2 lita 
958 |a article27 
958 |a OND 
958 |a SK 
958 |a NB 
958 |a EUIPO 
992 |a RBX 
999 |c 2863061  |d 2864991